Biblioteca

La familia como un sistema / Jorge E. Maldonado (Registro nro. 32440)

Detalles MARC
000 -LÍDER
Campo fijo de descripción fija 008010000a22001930004500
041 0# - CÓDIGO DE IDIOMA
Código de idioma para texto/pista de sonido o título separado
082 04 - NÚMERO DE CLASIFICACIÓN DECIMAL DEWEY
Número de clasificación G 158.24 M244f
001 - NÚMERO DE CONTROL
Campo de control 1102
100 1# - ASIENTO PRINCIPAL--NOMBRE PERSONAL
Nombre personal Maldonado, Jorge E.
245 10 - TÍTULO
Título del Material La familia como un sistema / Jorge E. Maldonado
260 ## - PUBLICACIÓN, DISTRIBUCIÓN, ETC. (PIE DE IMPRENTA)
Lugar de publicación, distribución, etc. Quito, Ecuador : Eirene
300 ## - DESCRIPCIÓN FÍSICA
Extensión [pag. varía]
336 ## - CONTENT TYPE
Content type term texto
Content type code txt
Source rdacontent
337 ## - MEDIA TYPE
Source rdamedia
Media type term sin mediación
Media type code n
338 ## - CARRIER TYPE
Source rdacarrier
Carrier type term volumen
Carrier type code nc
505 00 - NOTA DE CONTENIDO
Nota de contenido con formato preestablecido ¿qué es un sistema? -- el desarrollo sistémico de la familia --la relación sistémica de la pareja -- sistema familiar e intervención terapéutica -- el enfoque estructural -- el enfoque comunicacional -- el enfoque intergeneracional -- el enfoque estratégico -- contextualización de la terapia familiar
650 14 - ASIENTO SECUNDARIO DE MATERIA - TERMINO TEMÁTICO
Término temático o nombre geográfico como elemento de entrada PSICOTERAPIA FAMILIAR
942 ## - TIPO DE MATERIAL (KOHA)
Tipo de Item KOHA Libros General
Existencias
Estado de Material Estado de Perdido Estado de Dañado No para Préstamo Colección Tomo Biblioteca de Origen Biblioteca Permanente Fecha de Adquisición Total de Préstamos Signatura Topográfica Código de Barras Última vez visto Última vez Préstado Ejemplar/Existencia Fecha de Remplazo Tipo de Material
        Colección General   Biblioteca FUSBC Biblioteca FUSBC 05/10/2004 1 G 158.24 M244f 13081 12/12/2019 23/10/2018 1 26/01/2016 Libros General

Biblioteca FUSBC | Teléfono: (57+4) 349 88 10 Ext. 141| WhatsApp (+57) 3005338115 
E-mail: biblioteca@unisbc.edu.co | Calle 76 87-14 Robledo Palenque, Medellín, Colombia

Con tecnología Koha